00433nam a2200181Ia 4500008004100000020001800041245002200059245003700081245001700118260001500135260001600150260000900166300001400175300002500189300001000214500000800224999001900232170705s9999 xx 000 0 und d a9780545347273 aDetective LaRue : bletters from the investigation / cMark Teague. aNew York : bScholastic, c2004 aunpaged : bcolor illustration ; c28cm. a950 c336837d336837